书目信息 |
| 题名: |
航海史话
|
|
| 作者: | 王杰 , 李宝民 , 王莉 著 | |
| 分册: | ||
| 出版信息: | 北京 社会科学文献出版社 2012.03 |
|
| 页数: | 190页 | |
| 开本: | 21cm | |
| 丛书名: | 中国史话 | |
| 单 册: | ||
| 中图分类: | F552.9 | |
| 科图分类: | ||
| 主题词: | 航海--交通运输史--中国 , 航海 , 交通运输史 | |
| 电子资源: | ||
| ISBN: | 978-7-5097-3096-6 | |
| 000 | 01057oam2 2200313 450 | |
| 001 | 010010095383 | |
| 005 | 20120619083924.71 | |
| 010 | @a978-7-5097-3096-6@dCNY15.00 | |
| 100 | @a20120418d2012 em y0chiy50 ea | |
| 101 | 0 | @achi |
| 102 | @aCN@b110000 | |
| 105 | @aak z 000yy | |
| 106 | @ar | |
| 200 | 1 | @a航海史话@9hang hai shi hua@dA brief history of sailing in China@f王杰,李宝民,王莉著@zeng |
| 210 | @a北京@c社会科学文献出版社@d2012.03 | |
| 215 | @a190页@c图@d21cm | |
| 225 | 2 | @a中国史话@i交通与交流系列 |
| 330 | @a本书以专题的形式,通过对中国的航海人物、事件、技术、法规以及管理机构、港口等多方面的描述,分门别类地介绍了中华航海文明从古代到近代的发展概况。 | |
| 462 | 0 | @12001 @a交通与交流系列 |
| 510 | 1 | @aBrief history of sailing in China@zeng |
| 606 | 0 | @a航海@x交通运输史@y中国 |
| 606 | 0 | @a航海 |
| 606 | 0 | @a交通运输史 |
| 690 | @aF552.9@v5 | |
| 701 | 0 | @a王杰@9wang jie@4著 |
| 701 | 0 | @a李宝民@9li bao min@4著 |
| 701 | 0 | @a王莉@9wang li@4著 |
| 801 | 0 | @aCN@bRENTIAN@c20120418 |
| 905 | @b539999-40003@dF552.9@e6@f5 | |
| 航海史话=A brief history of sailing in China/王杰,李宝民,王莉著.-北京:社会科学文献出版社,2012.03 |
| 190页:图;21cm.-(中国史话.交通与交流系列) |
| ISBN 978-7-5097-3096-6:CNY15.00 |
| 本书以专题的形式,通过对中国的航海人物、事件、技术、法规以及管理机构、港口等多方面的描述,分门别类地介绍了中华航海文明从古代到近代的发展概况。 |
| ● |
| 相关链接 |
|
|
|
|
正题名:航海史话
索取号:F552.9/6
 
预约/预借
| 序号 | 登录号 | 条形码 | 馆藏地/架位号 | 状态 | 备注 |
| 1 | 539999 | 205399996 | 第一样本阅览室/ [索取号:F552.9/6] | 在馆 | |
| 2 | 540000 | 205400001 | 第一借阅区/ [索取号:F552.9/6] | 在馆 | |
| 3 | 540001 | 205400010 | 第一借阅区/ [索取号:F552.9/6] | 在馆 | |
| 4 | 540002 | 205400029 | 第一借阅区/ [索取号:F552.9/6] | 在馆 | |
| 5 | 540003 | 205400038 | 密集书库-史法系/ [索取号:F552.9/6] | 在馆 |